000 00759nam a2200289Ia 4500
001 AUWbook002510
003 BDCtgAUW
005 20260406155213.0
008 220908s9999 xx 000 0 eng d
020 _a0525945814
040 _aBDCtgAUW
_cBDCtgAUW
050 _aPS3553.H4367F35
100 1 _aChevalier, Tracy.
245 0 _aFalling angels.
260 _aNew York :
_bDutton,
_c2001.
300 _a324 pages.
650 0 _aEnglish Literature.
650 0 _aFriendship
_vFiction.
_974440
650 0 _aHistorical fiction.
650 0 _aSocial classes
_vFiction.
_974546
651 0 _aGreat Britain
_xHistory.
_979591
651 0 _aLondon (England)
_vFiction.
_972918
887 _a BRAC
_22982
888 _22982
942 _cBK
_00
945 _cBK
999 _c18048
_d18048